Quizzes
Events
Quiz Creation
Community
Videos
Private Events
Remove Ads
Sign In
Join for FREE
Feedback
Dark Mode
Quiz Categories
Sports
Geography
Music
Movies
Television
Just For Fun
Miscellaneous
History
Literature
Language
Science
Gaming
Entertainment
Religion
Holiday
For Kids
Quiz Lab
Recent
Popular Today
Quiz Kudos Today
Editor Picks
Curator Picks
Quizzes by...
Day
Popularity
Type
Ratings
Length
Year
Community
Subscriptions
Recent Discussions
Orange Saloon
Badges
Playlists
Quests
Create
Leaderboards
Showdown
Live 5
Trivia Bingo
Activity
Puzzle Library
Sporcle Events
Private Events
Virtual Trivia
Globe League
Become a Host
Pub Owners
SporcleCon
Opinionation
Our Games
Videos
Blog
Mobile Apps
Partnerships
Remove Ads and Go Orange
Feedback
History
US Presidents
World Leaders
Politics
Nation
Discovery
War
Decade
Year
Century
Biography
Art
History
US Presidents
World Leaders
Politics
Nation
Discovery
War
Decade
Year
Century
Biography
Art
Random Quiz
Search Sporcle
×
Quiz Lab
Quiz Lab
History
Director
Type in answers that appear in a list
Type in answers that appear in a list
Classic
Best Score? Go Orange.
CIA Directors Stats
Can you name the CIA Directors of the United States?
By
robhop
8m
21 Questions
566 Plays
566 Plays
566 Plays
Comments
Comments
Give Quiz Kudos
Give Quiz Kudos
-
- Ratings
hide this ad
More Info
Replay
Link that replays current quiz
Next Quiz
Link to next quiz in quiz playlist
You Got
0%
They Got
Avg Score
64%
Avg Friend Score
Upgrade to see
Score Distribution
Jump to the score distribution portion of the page
Score
0/21
Timer
08:00
0
Plays Today
Dates of Service
CIA Director
% Correct
January 1976-
January 1977
George H.W. Bush
90.8%
February 1953-
November 1961
Allen Dulles
83.9%
February 2009-
September 2011
Leon Panetta
79%
July 1997-
July 2004
George Tenet
77.6%
September 2011-
Current
David Petraeus
73.9%
November 1991-
January 1993
Robert Gates
68.6%
January 1981-
January 1987
William Casey
66.6%
September 1973-
January 1976
William Colby
66.1%
June 1966-
February 1973
Richard Helms
64.5%
October 1950-
February 1953
Walter Smith
63.1%
September 2004-
May 2006
Porter Goss
62.4%
Dates of Service
CIA Director
% Correct
May 2006-
February 2009
Michael Hayden
61.7%
January 1977-
January 1981
Stansfield Turner
60.2%
February 1973-
July 1973
James Schlesinger
59.4%
November 1961-
April 1965
John McCone
59.2%
May 1987-
August 1991
William Webster
55.5%
February 1993-
January 1995
R. James Woolsey
53.5%
May 1995-
December 1996
John Deutch
52.8%
June 1946-
April 1947
Hoyt Vandenberg
52.1%
May 1947-
October 1950
Roscoe Hillenkoetter
49.1%
April 1965-
June 1966
William Raborn
47.5%
Quiz Playlist
Details
Report
Send in Message
Add To Playlist
More Info:
The National Security Act of 1947 established the the Central Intelligence Agency. Last names only are acceptable on this quiz.
Classic:
Type in answers that appear in a list
Quiz Source
Last Updated: Feb 16, 2017
Quiz Scoreboard
CHALLENGE
Sign Up to Join the Scoreboard
Show All
Scores
Hide
Comments
May contain spoilers
Recently Published
An Introduction to Baseball
by treessimontrees
Sports
5m
Movies - When Are They Set?
by FPL_Elf
Movies
5m
Popular People in 1961
by mucciniale
History
6m
More to Explore
Quiz From the Vault
Featured Blog Post
Where Did the Easter Bunny Come From?
hide this ad
You Might Also Like...
Tags
Director Quiz
United States Quiz
War Quiz
Agency
Central Intelligence
cia
CIA Factbook
Government
Government Agency
intelligence
Military
Today's Top Quizzes in History
Browse History
hide this ad
Today's Top Quizzes in Director
Browse Director
Top Contributed Quizzes in History
1
Popular People in 1991
2
Popular People in 1981
3
Popular People in 1951
4
Popular People in 1941
5
Popular People in 1986
6
Popular People in 1976
7
Popular People in 1921
8
I Am Born On March 28th
9
Popular People in 1946
10
Popular People in 1936
Explore More
Trending Topics
NBA
Kpop
Disney
Marvel
Harry Potter
Crossword
Anime
Pokémon
The Office
Song
WWE
Country
Soccer
Puzzle
NFL
hide this ad
More By:
robhop
Quiz
Plays
Rating
Category
Featured
Created
6 Most Populous Cities in Each State
152,006
4.72
Geography
Feb 5, 2014
25 Least Populous European Countries
145,713
4.60
Geography
Nov 23, 2013
Populous Countries (Asia)
104,714
4.74
Geography
Oct 23, 2013
30 Most Populous Cities In South America
55,273
4.34
Geography
Oct 22, 2013
Money Makin' Musicians (2012)
43,304
4.02
Music
Mar 11, 2013
Go to Creator's Profile
Score Distribution
Quiz Creator Spotlight
robhop
Follow
Send a Message
Quizzes Created
-
Created Quiz Play Count
-
More By This Creator
Popular Quizzes Today
1
Find the Countries of Europe - No Outlines Minefield
2
Find the US States - No Outlines Minefield
3
The Countries of the World
4
Popular People in 1961
5
US States
6
Find the US States
7
1-10 Letter E Words III
8
Risky Map Clicking: Biggest States A-Z
More History Quizzes
History Books: The Subtitles XII
Published
Trending Quizzes
Risky Map Clicking: Least Populous States A-Z
1-10 Letter F Words
1-10 Letter G Words
One Thing in Common: United Kingdom
Risky Map Clicking: Next State Alphabetically
Recently Updated
Leaping Animals
pecheneg
Reality TV Shows (A-Z)
bhenderson79
Rickey Henderson's Hall of Fame Teammates
pecheneg
Champions League XIs: Arsenal
pecheneg
Quick Pick: Celebrities in WWE's Hall of Fame
aduchscher
A-Z Keypad Blitz II
pecheneg
Multiple Oscar Actors
pecheneg
Mystery Phrase Blitz: Oscar 'Best Actors'
pecheneg
F. Scott Fitzgerald Novels
LTH
Pick 3 Villains
ddd62291
Trending Topics
Marvel
NBA
Kpop
Crossword
Harry Potter
Anime
Disney
Pokémon
Puzzle
The Office
Soccer
Country
WWE
Song
NFL
Your Account Isn't Verified!
In order to create a playlist on Sporcle, you need to verify the email address you used during registration. Go to your
Sporcle Settings
to finish the process.
Report this User
Report this user for behavior that violates our
Community Guidelines
.
Details:
Send Report
Go to the Sporcle.com Mobile Site →
Comments